The Catalpa bow: a study of Shamanistic practices in Japan
Bewaard in:
| Hoofdauteur: | |
|---|---|
| Formaat: | Boek |
| Taal: | Engels |
| Gepubliceerd in: |
Londres
Harper Collins
1992
|
| Onderwerpen: | |
| Tags: |
Voeg label toe
Geen labels, Wees de eerste die dit record labelt!
|
MARC
| LEADER | 00000nam a2200000 a 4500 | ||
|---|---|---|---|
| 001 | UCX8225 | ||
| 003 | CL-VaPUC | ||
| 008 | 940315e19920000UK |||||||||||||||||eng|d | ||
| 082 | 0 | 4 | |a 299.56 |b BLA |2 21 |
| 100 | 0 | |a Blacker, Carmen |e author |9 325289 | |
| 245 | 1 | 4 | |a The Catalpa bow: a study of Shamanistic practices in Japan |
| 300 | |a 382 p | ||
| 942 | |c BK | ||
| 945 | |d 19940315 00:00:00 |a aalvarez | ||
| 260 | |a Londres |b Harper Collins |c 1992 | ||
| 650 | 0 | |a Chamanismo |9 325290 | |
| 651 | 0 | |a Japón |9 260391 | |
| 583 | |a last modification |c 20180124 12:57:17 |k Rodrigo Vera | ||
| 999 | |c 227795 |d 227793 | ||
| 952 | |0 0 |1 0 |4 0 |6 299_560000000000000_BLA_1992 |7 0 |8 A |9 227028 |a BIBGIM |b BIBGIM |d 2019-11-15 |i 2961938 |o 299.56 BLA 1992 |p 2961938 |r 2025-01-15 |w 2019-11-15 |y BK |k ORI | ||